Представление документа в формате RUSMARC

ПолеНазваниеЗначение
  Тип записи c
  Библиографический уровень m
001 Контрольный номер UONB/MAIN/4ff40b8c0f974923a11e20f723c668d2
005 Дата корректировки 20250725142805.5
010 Индекс ISBN __
9 Тираж 15000 экз.
013 Номер (ISMN) __
d Цена 3 р.
100 Данные общей обработки __
a Данные общей обработки 20220311g1991 u y0rusy0189 ca
101 Язык документа 0_
a Язык текста rus
102 Страна публикации __
a Страна публикации RU
125 Кодированные данные звукозаписи и нотных изданий __
a Форма изложения нотного текста с
128 Кодированные данные (звукозаписи-физические характеристики) __
a Кодированные данные: Музыкальная форма и тональность или лад ai
c Инструменты или голоса, рекомендуемые для солистов (устаревшее) kt
200 Заглавие и сведения об ответственности 1_
a Заглавие Вып. 1
f Первые сведения об ответственности составитель Бодиков Ю. Н.
g Последующие сведения об ответственности автор переложений для фортепиано, баяна, аккордеона, гитары и инструментальных ансамблей Рытвинский В. М.
203 Вид содержания и тип средства __
a Вид содержания Музыка
b Характеристика содержания знаковая
c Тип средства непосредственная
210 Выходные данные 1_
d Дата издания 1991
215 Физическое описание __
a Объем 16 с. включ. обл.
300 Общие примечания __
a Общие примечания С текстами песен
327 Примечание о содержании 11
a Примечание о содержании Содерж.: Газманов О. Эскадрон / сл. О. Газманова. - Потемкин А. Эскимосы, папуасы / сл. А. Потемкина. - Тальков И. Господа-демократы / сл. И. Талькова. - Звездинский И. Поручик Голицын / сл. И. Звездинского. - Рабыня Изаура : из репертуара ансамбля "Женсовет". - Ламбада : из репертуара ансамбля "Каома".
461 Уровень набора _0
1 2001
a Популярные мелодии
v Вып. 1
1 2101
a Минск
c Аматар
d 1991 -
1 001UONB/MAIN/dea543de619541bb9e472413c9e45e1b
464 Аналитический уровень _0
1 036
t Эскадрон моих мыслей шальных...
1 700 1
a Газманов
b О.
1 702 1
a Газманов
b О.
4 520
1 2001
a Эскадрон
e для ансамбля
464 Аналитический уровень _0
1 036
t Повстречались как-то раз эскимос и папуас...
1 700 1
a Потемкин
b А.
1 702 1
a Потемкин
b А.
4 520
1 2001
a Эскимосы, папуасы
464 Аналитический уровень _0
1 036
t Господа-демократы минувшего века!..
1 700 1
a Тальков
b И.
1 702 1
a Тальков
b И.
4 520
1 2001
a Господа-демократы
464 Аналитический уровень _0
1 036
t Четвертые сутки пылают станицы...
1 700 1
a Звездинский
b И.
1 702 1
a Звездинский
b И.
1 2001
a Поручик Голицын
464 Аналитический уровень _0
1 036
t Как же так, Бразилия, вновь рабыню милую...
1 702 1
a Женсовет
4 590
1 2001
a Рабыня Изаура
e из репертуара ансамбля "Женсовет"
464 Аналитический уровень _0
1 702 1
a Каома
4 590
1 2001
a Ламбада
e из репертуара ансамбля "Каома"
606 Тематические рубрики 0_
a Основная рубрика Баян
x Основная подрубрика Популярные мелодии
606 Тематические рубрики 0_
a Основная рубрика Аккордеон
x Основная подрубрика Популярные мелодии
610 Ключевые слова 0_
a Ключевые слова баян; аккордеон; популярные мелодии; переложения
686 Индексы других классификаций __
2 Код системы rubbk
a Классификационный индекс 85.954.6-094(2)я43
a Классификационный индекс 85.954.7-094(2)я43
702 Вторичная интеллектуальная ответственность _1
a Фамилия Бодиков
b Имя (инициалы) Ю. Н.
g Полное личное имя Юрий Николаевич
4 Код отношения 220
702 Вторичная интеллектуальная ответственность _1
a Фамилия Рытвинский
b Имя (инициалы) В. М.
4 Код отношения 030
801 Источник записи _0
a Страна RU
b Организация Ульяновская ОНБ
c Дата составления 20220311
g Правила каталогизации RCR
801 Источник записи _1
a Страна RU
b Организация Ульяновская ОНБ
c Дата составления 20220311
g Правила каталогизации RCR
901 Тип документа __
t Тип документа n
w Контрольный № источника UONB/MAIN/dea543de619541bb9e472413c9e45e1b
909 Создатель записи __
a Создатель записи Грязнова И. Е.
910 Корректоры записи __
a Корректор записи Грязнова И. Е.
b Дата внесения изменения в запись 20250725